| 000 | 00417nam a22001697a 4500 | ||
|---|---|---|---|
| 020 | _a81-7671-021-0 | ||
| 082 | _a338.5 | ||
| 100 | _aVarian, Hal R | ||
| 245 |
_aMicroeconomics: _bA Modern Approach |
||
| 250 | _a5th | ||
| 260 |
_aNew Delhi: _bWW Norton and Companyt, _c1999 |
||
| 300 | _axxiii, 662p.: ill.; 25cm | ||
| 700 | _aJamal, Salum K | ||
| 700 | _aJulius, Jumbe | ||
| 700 | _aKelvin, John | ||
| 942 | _cBK | ||
| 999 |
_c22234 _d22234 |
||